India in Globalized Era / (Record no. 210561)

MARC details
000 -LEADER
fixed length control field 00593nam a22002057a 4500
005 - DATE AND TIME OF LATEST TRANSACTION
control field 20250328110837.0
010 ## - LCCN (DPL NO)
LC control number ENG-144345
020 ## - INTERNATIONAL STANDARD BOOK NUMBER
Terms of availability 1195.00
International Standard Book Number 9788186772836
035 ## - SYSTEM CONTROL NUMBER
System control number EN-127877
037 ## - SOURCE OF ACQUISITION
Source of stock number/acquisition DBAD/PUB
082 ## - DEWEY DECIMAL CLASSIFICATION NUMBER
Classification number 320.954
100 ## - MAIN ENTRY--PERSONAL NAME
Personal name Sahoo Jitendra
245 ## - TITLE STATEMENT
Title India in Globalized Era /
Statement of responsibility, etc Jitendra Sahoo
260 ## - PUBLICATION, DISTRIBUTION, ETC. (IMPRINT)
Place of publication, distribution, etc Daryaganj
Name of publisher, distributor, etc New Academic Publishers
Date of publication, distribution, etc 2015
270 ## - ADDRESS
City NewDelhi
Address 476061,23,Ansari Road
Postal code 110002
300 ## - PHYSICAL DESCRIPTION
Extent 244p.
Dimensions 22cm(hb)
700 ## - ADDED ENTRY--PERSONAL NAME
Personal name Jitendra Sahoo
9 (RLIN) 79993
710 ## - ADDED ENTRY--CORPORATE NAME
9 (RLIN) 59600
942 ## - ADDED ENTRY ELEMENTS (KOHA)
Source of classification or shelving scheme Dewey Decimal Classification
Item type English Books
Classification part 320.954
Call number suffix SAH
Holdings
Withdrawn status Lost status Not for loan Collection code Home library Current library Date acquired Source of acquisition Cost, normal purchase price Full call number Barcode Copy number Cost, replacement price Koha item type
      Non-fiction Janak Puri Janak Puri 28/03/2025 DBAD 1195.00 320.954 SAH EN-127877 1 1195.00 English Books

© Delhi Public Library
Hit Counter
free hit counter